| 000 | 01005nmm a2200349 a 4500 | ||
|---|---|---|---|
| 003 | AR-BaBNM | ||
| 005 | 20251128202823.0 | ||
| 008 | 167119s1990 ||||||||||||||000 | spa|| | ||
| 020 | _a950-718-012-5 | ||
| 040 | _cAR-BaBNM | ||
| 100 | 1 | _aBerz, Cristina Noemí | |
| 245 | 1 | 0 |
_aDeuda externa _boptimización de recursos : una propuesta alternativa de negociación |
| 250 | _a1ª ed. | ||
| 260 |
_aBuenos Aires _bTesis _c1990 |
||
| 300 | 1 |
_axxvi, 207 p. _btablas |
|
| 500 | 0 | _aApéndices p. 187-204 | |
| 504 | _aBibliografía para consultar p. 205-207 | ||
| 650 | 4 | _aDEUDA EXTERNA | |
| 650 | 4 | _aNEGOCIACION | |
| 650 | 4 | _aPRESTAMOS | |
| 650 | 4 | _aCOMERCIO INTERNACIONAL | |
| 650 | 4 | _aHISTORIA ECONOMICA | |
| 650 | 4 | _aECONOMIA INTERNACIONAL | |
| 651 | 4 | _aEstados Unidos | |
| 651 | 4 | _aArgentina | |
| 700 | 1 | _aSosa, Estela Diana | |
| 700 | 1 | _aGallardo, Luis Adrián | |
| 700 | 1 |
_aCosta, Silvia _ecoordinador |
|
| 700 | 1 |
_aBernardes, Alberto _erevisión |
|
| 942 | _cBK | ||
| 998 | _cmariana | ||
| 999 |
_c732 _d732 |
||